Quiz Séries - Statistiques

Statistiques générales
  • Ce quiz a été pris 103 fois
    22 depuis la dernière actualisation
  • Le résultat moyen est 38 sur 75
Statistiques - réponses
Par images Réponse % Correct
Game of Thrones
100%
Grey's Anatomy
100%
La Casa de Papel
100%
Squid Game
100%
Breaking Bad
93%
Friends
93%
Stranger Things
93%
Desperate Housewives
87%
Narcos
87%
Orange is the new Black
87%
Euphoria
80%
Good Doctor
80%
Gossip Girl
80%
Le Prince de Bel-Air
80%
Peaky Blinders
80%
Prison Break
80%
The Crown
80%
The Mentalist
80%
The Office
80%
Black Mirror
73%
Les Demoiselles du téléphone
73%
Sex Education
73%
Sherlock
73%
The Walking Dead
73%
Vampire Diaries
73%
Dr House
67%
Monk
67%
Pretty Little Liars
67%
Une nounou d'enfer
67%
You
67%
How I Met Your Mother
60%
La Chronique des Bridgerton
60%
Les 100
60%
Suits
60%
Teen Wolf
60%
Anne with an E
53%
Brooklyn Nine-Nine
53%
Family Business
53%
Shameless
53%
Gilmore Girls
47%
New Girl
47%
The Good Place
47%
The Last of Us
47%
Blacklist
40%
Glee
40%
Modern Family
40%
Sex and the City
40%
The Bear
40%
Mon Petit Renne
33%
On my Block
33%
Skins
33%
The End of the F***ing World
33%
Community
27%
Dix pour Cent
27%
Heartstopper
27%
Scandal
27%
Ted Lasso
27%
Young Royals
27%
Abbott Elementary
20%
Bojack Horseman
20%
Dans leur regard
20%
Fiasco
20%
Fleabag
20%
Poupée Russe
20%
Superstore
20%
Un jour
13%
Arrested Development
7%
Derry Girls
7%
Fellow Travelers
7%
Greenleaf
7%
Parks and Recreation
7%
Schitt's Creek
7%
This is Us
7%
Unbreakable Kimmy Schmidt
7%
Crashing
0%
Aucun quiz correspondant
Distribution des résultats
% des personnes avec chaque résultat
Percentile par nombre de réponses
Votre historique - résultats
Vous n’avez pas pris ce quiz depuis la dernière actualisation